| 000 | 00000nam##2200000za#4500 |
| 001 | 9.682268 |
| 003 | CaOODSP |
| 005 | 20200330073310 |
| 007 | ta |
| 008 | 150407|1981||||xxc||||| f|0| 0 fre|d |
| 020 | |a0-660-90741-0 |
| 040 | |aCaOODSP|bfre |
| 043 | |an-cn--- |
| 086 | 1 |aA43-1112/1981F |
| 110 | 1 |aCanada.|bAgriculture Canada. |bDirection générale de recherche. |
| 245 | 10|aChampignons comestibles et vénéneux du Canada / |
| 260 | |aOttawa - Ontario : |bAgriculture Canada. |c1981. |
| 300 | |ax, 336p. : |bglossaire, ill. (certaines en couleur), photographies, index ; |c25 cm. |
| 563 | |aCouverture souple |
| 691 | 07|aChampignon|2gcpds |
| 720 | 1 |aGroves, J. R. |
| 720 | 1 |aRedhead, S.A. |
| 776 | 0#|tChampignons comestibles et vénéneux du Canada |w(CaOODSP)9.642181 |